000 00309nam a2200133 i 4500
001 bg
100 1 _aMILLER, Stefan
245 0 _aTeoria mechanizmów i maszyn /
_cStefan Miller.
260 _aWrocław,
_c1977.
040 _cBPK
041 _apol
942 _cKS
008 s pl f |000 0 pol
999 _c17645
_d17645
856 _uhttp://koha.tu.koszalin.pl/cgi-bin/koha/opac-detail.pl?biblionumber=17645
_yKatalog online BPK